• 首页
  • 本馆介绍
  • 公告通知
  • 最新文献
  • 馆藏检索
  • 电子资源
  • 读者导购
  • 参考咨询
  • 我的图书馆
  • 登录
  • 详细信息显示
  • 放入我的书架
  • 预约/预借图书
  • 作者相关作品
  • 分类相关作品
  • 丛书相关作品
  • 出版社相关作品

书目信息

  • 表格格式
  • 工作单格式
  • 卡片格式
题名:
高校音乐课程构建与教育改革研究
    
 
作者: 叶兰 著
分册:  
出版信息: 北京   北京工业大学出版社  2018
页数: 160页
开本: 24cm
丛书名:
单 册:
中图分类: J6-4 , J6
科图分类:
主题词: 音乐教育--教学改革--研究--高等学校
电子资源:
ISBN: 978-7-5639-6653-0
000 00832nam0 2200241 450
001 2368664807
005 20231211190449.26
010    @a978-7-5639-6653-0@d48.00CNY
100    @a20210623d2018 em y0chiy50 ea
101 0  @achi
102    @aCN@b110000
105    @ay a 000yy
200 1  @a高校音乐课程构建与教育改革研究@Agao xiao yin yue ke cheng gou jian yu jiao yu gai ge yan jiu@f叶兰著
210    @a北京@c北京工业大学出版社@d2018
215    @a160页@d24cm
320    @a有书目 (第159-160页)
330    @a本书共七章, 包括现代音乐课程的相关理论、多元文化背景下高校音乐课程构建、高校音乐课程体系的构建、高校音乐教育改革的探索与理性思考等内容。
606 0  @a音乐教育@x教学改革@x研究@x高等学校
690    @aJ6-4@v5
690    @aJ6@v4
701  0 @a叶兰@Aye lan@4著
801  0 @aCN@b湖北三新@c20210623
905    @aBZT@dJ6@e20
    
    高校音乐课程构建与教育改革研究/叶兰著.-北京:北京工业大学出版社,2018
    160页;24cm
    
    
    ISBN 978-7-5639-6653-0:48.00CNY
    本书共七章, 包括现代音乐课程的相关理论、多元文化背景下高校音乐课程构建、高校音乐课程体系的构建、高校音乐教育改革的探索与理性思考等内容。
●
相关链接 在五车中查询图书 在当当中查询图书 在豆瓣中查询图书


正题名:高校音乐课程构建与教育改革研究     索取号:J6/20         预约/预借

序号 登录号 条形码 馆藏地/架位号 状态 备注
1 2001591707   2001591707   辽三/辽宁北配(第三批)/2022/ [索取号:J6/20] 在馆    
2 2001591708   2001591708   辽三/辽宁北配(第三批)/2022/ [索取号:J6/20] 在馆    
3 2001591709   2001591709   辽三/辽宁北配(第三批)/2022/ [索取号:J6/20] 在馆    
4 2001591710   2001591710   辽三/辽宁北配(第三批)/2022/ [索取号:J6/20] 在馆    
5 2001591711   2001591711   辽三/辽宁北配(第三批)/2022/ [索取号:J6/20] 在馆    
6 2001591712   2001591712   辽三/辽宁北配(第三批)/2022/ [索取号:J6/20] 在馆    
7 2001591713   2001591713   辽三/辽宁北配(第三批)/2022/ [索取号:J6/20] 在馆    
8 2001591714   2001591714   辽三/辽宁北配(第三批)/2022/ [索取号:J6/20] 在馆    
9 2001591715   2001591715   辽三/辽宁北配(第三批)/2022/ [索取号:J6/20] 在馆    
10 2001591716   2001591716   辽三/辽宁北配(第三批)/2022/ [索取号:J6/20] 在馆    
11 2001591717   2001591717   辽三/辽宁北配(第三批)/2022/ [索取号:J6/20] 在馆    
12 2001591718   2001591718   辽三/辽宁北配(第三批)/2022/ [索取号:J6/20] 在馆    
13 2001591719   2001591719   辽三/辽宁北配(第三批)/2022/ [索取号:J6/20] 在馆    
14 2001591720   2001591720   辽三/辽宁北配(第三批)/2022/ [索取号:J6/20] 在馆    
15 2001591721   2001591721   辽三/辽宁北配(第三批)/2022/ [索取号:J6/20] 在馆    
16 2001591722   2001591722   辽三/辽宁北配(第三批)/2022/ [索取号:J6/20] 在馆    
17 2001591723   2001591723   辽三/辽宁北配(第三批)/2022/ [索取号:J6/20] 在馆    
18 2001591724   2001591724   辽三/辽宁北配(第三批)/2022/ [索取号:J6/20] 在馆    
19 2001591725   2001591725   辽三/辽宁北配(第三批)/2022/ [索取号:J6/20] 在馆    
20 2001591726   2001591726   辽三/辽宁北配(第三批)/2022/ [索取号:J6/20] 在馆    
21 2001591727   2001591727   辽三/辽宁北配(第三批)/2022/ [索取号:J6/20] 在馆    
22 2001591728   2001591728   辽三/辽宁北配(第三批)/2022/ [索取号:J6/20] 在馆    
23 2001591729   2001591729   辽三/辽宁北配(第三批)/2022/ [索取号:J6/20] 在馆    
24 2001591730   2001591730   辽三/辽宁北配(第三批)/2022/ [索取号:J6/20] 在馆    
25 2001591731   2001591731   辽三/辽宁北配(第三批)/2022/ [索取号:J6/20] 在馆    
26 2001591732   2001591732   辽三/辽宁北配(第三批)/2022/ [索取号:J6/20] 在馆    
27 2001591733   2001591733   辽三/辽宁北配(第三批)/2022/ [索取号:J6/20] 在馆    
28 2001591734   2001591734   辽三/辽宁北配(第三批)/2022/ [索取号:J6/20] 在馆    
29 2001591735   2001591735   辽三/辽宁北配(第三批)/2022/ [索取号:J6/20] 在馆    
30 2001591736   2001591736   辽三/辽宁北配(第三批)/2022/ [索取号:J6/20] 在馆    
山东省滨州职业学院图书馆 欢迎您!
大连网信软件有限公司© 版权所有